|
|
|
|
| LEADER |
00000cam a2200000 7i4500 |
| 001 |
0000091843 |
| 005 |
20230711092121.0 |
| 008 |
230711 may |
| 020 |
|
|
|a 9789672899020 (
|q (paperback))
|
| 040 |
|
|
|e rda
|
| 041 |
|
|
|a Malay
|
| 090 |
0 |
0 |
|a 297.57
|b PAH
|
| 100 |
1 |
|
|a Pahrol Mohamad Juoi ,
|e (author)
|
| 245 |
1 |
0 |
|a Seperti air yang mengalir
|c Pahrol Mohamad Juoi
|
| 264 |
|
1 |
|a Bandar Baru Bangi, Selangor :
|b JT Books PLT
|c 2022
|
| 300 |
|
|
|a 226 pages :
|b illustrations ;
|c 20 cm.
|
| 336 |
|
|
|a text
|2 rdacontent
|
| 337 |
|
|
|a unmediated
|2 rdamedia
|
| 338 |
|
|
|a volume
|2 rdacarrier
|
| 541 |
|
|
|c Purchased on 2023
|f 5624 FCC
|h RM28.00
|
| 650 |
|
0 |
|a Muslims
|x Conduct of life
|
| 650 |
|
0 |
|a Religious life
|x Islam
|
| 650 |
|
0 |
|a Short stories, Malay
|
| 700 |
1 |
|
|a Nurhasanah Othman ,
|e (editor)
|
| 730 |
0 |
|
|a Title
|
| 999 |
|
|
|a 0001728818
|b Book
|c Adult Collection
|e Cawangan Urban Transformation Centre
|
| 999 |
|
|
|a 0001728819
|b Book
|c Adult Collection
|e Cawangan AEON Kulaijaya
|
| 999 |
|
|
|a 0001728820
|b Book
|c Adult Collection
|e Perbadanan Perpustakaan Awam Johor
|
| 999 |
|
|
|a 0001728821
|b Book
|c Adult Collection
|e Cawangan Taman Sri Lambak
|
| 999 |
|
|
|a 0001728822
|b Book
|c Adult Collection
|e Cawangan Sri Merlong
|
| 999 |
|
|
|a 0001728823
|b Book
|c Adult Collection
|e Cawangan Segamat
|
| 999 |
|
|
|a 0001728824
|b Book
|c Adult Collection
|e Cawangan Pontian
|
| 999 |
|
|
|a 0001728825
|b Book
|c Adult Collection
|e Cawangan Tmn. Ungku Tun Aminah
|
| 999 |
|
|
|a 0001728826
|b Book
|c Adult Collection
|e Cawangan Kota Tinggi
|
| 999 |
|
|
|a 0001728827
|b Book
|c Adult Collection
|e Cawangan Bandar Tenggara
|
| 999 |
|
|
|a 0001728828
|b Book
|c Adult Collection
|e Cawangan Bukit Gambir
|
| 999 |
|
|
|a 0001728829
|b Book
|c Adult Collection
|e Cawangan Mersing
|
| 999 |
|
|
|a 0001728830
|b Book
|c Adult Collection
|e Cawangan Batu Pahat
|
| 999 |
|
|
|a 0001728831
|b Book
|c Adult Collection
|e Cawangan Bandar Penawar
|
| 999 |
|
|
|a 0001728832
|b Book
|c Adult Collection
|e Cawangan Tangkak
|
| 999 |
|
|
|a 0001728833
|b Book
|c Adult Collection
|e Cawangan Muar
|